000 00560nam a22001697a 4500
003 OSt
005 20241011173341.0
008 241011b |||||||| |||| 00| 0 eng d
040 _c0
082 _a"DPer910 N213 January-April 2020 v.241 no.1-4 "
100 _aWei-Hass, Maya.
_eauthor.
_962875
245 _aThe year in discover /
_cMaya Wei-Hass and Jason Treat.
260 _aWashington, D.C. ;
_bNational Geographic Society,
_c2021.
300 _aVolume 241,pages 8-9 ,
_billustration.
700 _aWei-Hass, Maya.
_eauthor.
_962875
942 _2ddc
_cPER
999 _c22525
_d22525